Poesía /
Guardado en:
| Autor Principal: | |
|---|---|
| Formato: | Libro |
| Publicado: |
Argentina :
Eudeba,
1965
|
| Series: | Del Siglo y Medio, 781
|
| Etiquetas: |
Agregar Etiqueta
Sin Etiquetas, Sea el primero en etiquetar este registro!
|
| LEADER | 00448nam a22001575a 4500 | ||
|---|---|---|---|
| 001 | CEM.cems002985 | ||
| 005 | 19000101000000.0 | ||
| 008 | 130507s1965##################000#0#####d | ||
| 003 | CEMS | ||
| 082 | 0 | 4 | |a A861.4 |
| 100 | 1 | |a González Lanuza, Eduardo | |
| 245 | 1 | 0 | |a Poesía / |c Eduardo González Lanuza |
| 260 | |a Argentina : |b Eudeba, |c 1965 | ||
| 300 | |a 92 p. | ||
| 490 | 0 | |a Del Siglo y Medio, 781 | |
| 859 | |a CEMS |b BIB. CEMS - 11 de abril |h A861.4 |i G589 |p 9099.81 |t Ej.1 | ||
